Guess the Fusion Rock Song Lyrics #278 - Statistics

General Stats
  • This quiz has been taken 11 times
  • The average score is 158 of 221
Answer Stats
Answer % Correct
a
100%
and
100%
I
100%
the
100%
to
100%
be
90%
don't
90%
her
90%
is
90%
know
90%
knows
90%
of
90%
on
90%
or
90%
she
90%
they
90%
what
90%
When
90%
where
90%
who
90%
from
80%
in
80%
just
80%
love
80%
my
80%
No
80%
one
80%
about
70%
baby
70%
came
70%
child
70%
city
70%
down
70%
like
70%
make
70%
name
70%
oh
70%
she's
70%
So
70%
take
70%
want
70%
we'll
70%
all
60%
boys
60%
Come
60%
lookin
60%
own
60%
pretty
60%
care
50%
home
50%
Hot
50%
hot
50%
Nick Gilder
50%
something
50%
talk
50%
walks
50%
wild
50%
Yeah
50%
young
50%
Young
50%
comes
40%
game
40%
place
40%
Runnin
40%
runnin
40%
stare
40%
stop
40%
Danger
30%
dangerous
30%
downtown
30%
hungry
30%
kinda
30%
loose
30%
shape
30%
Stranger
30%
black
20%
dressed
20%
No matching quizzes found
Score Distribution
Percent of People with Each Score
Percentile by Number Answered
Your Score History
You have not taken this quiz